000 00633cab a2200229 4500
001 ABS42972
008 090401t1990 xxu||||| |||| 00| 0 eng d
035 _a(Sirsi) u39759
041 _aeng
100 _aBrown, N.
245 _aValuing your obsolete machinery
260 _c1990
350 _a0
490 _aChartered Surveyor Weekly
_v31(12) 21 June 1990, 102(1)
520 _aConsiders how to value obsolete machinery for fire insurance purposes.
650 _aInsurance
_96249
650 _aPLANT AND MACHINERY
650 _aValuation
_96273
690 _aRATING AND VALUATION
942 _n0
948 _c04/03/1997
999 _c25453
_d25453